000 00521nam a22001697a 4500
003 OSt
005 20251202100947.0
008 251202b |||||||| |||| 00| 0 eng d
020 _a1-85737-032-5
040 _aDWCL - Main Library
_cOC
082 _aGR. 700 M552 1993
_b
100 _aKingsley-Smith, Heather
245 _aWorld of Crafts :
_bMerlion Arts Library /
_cHeather Kingsley-Smith
260 _bMerlion Publishing Ltd.,
_c c1993
300 _a192 pages:
_bcolored illustration;
_c28 cm.
942 _2ddc
_cGR
_mGR.
_n0
999 _c6700
_d6700